| 000 | 01292nam a2200289 c 4500 | ||
|---|---|---|---|
| 003 | BLK | ||
| 005 | 20180420234059.0 | ||
| 008 | 180410b bul|||||r ||||||| ||bul|| | ||
| 010 | _aKNG00159997000 | ||
| 040 | _aBLK | ||
| 041 |
_aBUL _cBUL |
||
| 080 |
_aМерки за опазване на цивилното население във военно време. Организация. Военно обучение. Въздушна отбрана. Гражданска отбрана. Вж и 355.244 _b355.58 _x _z355.58 |
||
| 100 | 1 |
_aБуков, Анастас Хр. _eпърви автор _9332122 |
|
| 139 |
_aБуков, Анастас Хр. _bБ 85 |
||
| 245 | 1 | 0 |
_aПредпазване и първа помощ при поразяване от атомно оръжие _cАнастас Хр. Буков. |
| 257 | _aBGR | ||
| 260 |
_аСофия _bДърж. воен. изд. _c1957 |
||
| 300 |
_a96 с. _bс ил. _c17 см |
||
| 380 | _a3 | ||
| 490 | 1 | _aНаучно-популярна военна библиотека | |
| 500 | _a5000 тир. | ||
| 852 | _aЦб І 1006 | ||
| 856 | 4 |
_qpdf _u |
|
| 856 | 4 |
_qpdf _u |
|
| 942 |
_cKNG _n0 |
||
| 944 |
_aCR _c17.04.2014 _l17.04.2014 - от С1,Р / 17.04.2014 _kПравда_Бадева |
||
| 944 |
_aED _c17.04.2014 _l17.04.2014 - от С1,Р / 17.04.2014 _k |
||
| 999 |
_c153467 _d153467 |
||